| 000 | 00572nam a2200169Ia 4500 | ||
|---|---|---|---|
| 008 | 230907s9999||||xx |||||||||||||| ||und|| | ||
| 082 |
_a621.3 _bUME |
||
| 100 |
_aMuhammad Umer Khan (00000171319) _9116428 |
||
| 245 | 0 | _aDesign and Optimization of Wind/Solar/Biogas/Biomass hybrid system for rural areas of Pakistan / | |
| 260 |
_aUSPCAS-E, NUST, _bIslamabad : _c2018 |
||
| 300 | _a112 p. | ||
| 520 | _aTH-130 | ||
| 650 | _aMS-EEP Thesis MS Thesis | ||
| 700 |
_aDr. Muhammad Hassan _9117268 |
||
| 700 |
_aCo-Supervisor : Engr. Rashid Wazir _9118027 |
||
| 942 |
_cTHE _2ddc |
||
| 999 |
_c601809 _d601809 |
||